000
00259nam a2200097Ia 4500
001
769179
005
20250826165432.0
008
250824s9999 xx 000 0 und d
245
0
_a
NASIL MÜSLÜMAN OLDULAR 3
_c
M SİNAN ADALI
260
_b
UĞUR BÖCEĞİ YAYINLARI
999
_c
769179
_d
769179